000 01131nam a22001937a 4500
005 20241009134308.0
008 241009b ||||| |||| 00| 0 eng d
040 _cSSBUL
041 _aMyanmar
082 _223
_a၂၉၄.၃၄၂၁၁ စိန်
_bS-SAT
100 0 _aစိန်ဝင်း၊ ဦး၊ ဥတ္တရဘုမ္မာ
_954964
245 1 _aနတ် (၃၇) ပါးပသနည်းနှင့် တောင်ပြုံးပွဲ ရတနာ့ဂူပွဲ နတ်သမိုင်း /
_bဥတ္တရဘုမ္မာဆရာစိန်ဝင်း၊ တည်းဖြတ်သူ မြတ်လှသော်။
260 _aရန်ကုန် ၊
_bအသိုင်းအဝိုင်းစာပေ၊
_c၁၉၉၃။
300 _a၁၅၃ စာမျက်နှာ ၊
_c၁၈ စင်တီ။
500 _aS-SAT: Dr. Sai Aung Tun
650 _aဗုဒ္ဓဘာသာ
_xနတ်ကိုးကွယ်မှု
_vသမိုင်း
_954965
700 0 _aမြတ်လှဘေ်
_eတည်းဖြတ်သူ
_954966
942 _2ddc
_cBK1
999 _c40952
_d40952